000
00368nam a22001217a 4500
008
220430b |||||||| |||| 00| 0 eng d
082
_a
241.3 DHA 2021
245
_a
ངྷརྨ༌རཱ༌ཛ༌རྗེས༌དྲན༌གྱི༌གཏམ།
260
_a
Punakha :
_b
Royal Monastic Body,
_c
2021.
300
_a
291 p.
_c
21 cm.
650
_a
Dharmaraja
942
_2
ddc
999
_c
8961
_d
8962